Bài tập vật lý sơ cấp : Dùng cho học sinh cấp III phổ thông và bổ túc văn hóa, các lớp dự bị đại học chuẩn bị thi vào đại học, và cho cá trường trung học chuyên nghiệp. t.I /
Đã lưu trong:
| Údair Eile: | , , , , |
|---|---|
| Formáid: | Sách giấy |
| Teanga: | Vietnamese |
| Foilsithe: |
H. :
Đại học và trung học chuyên nghiệp,
1977.
|
| Clibeanna: |
Cuir Clib Leis
Gan Chlibeanna, Bí ar an gcéad duine leis an taifead seo a chlibeáil!
|
| Thư viện lưu trữ: | Thư viện Trường Đại học Đà Lạt |
|---|
| LEADER | 01058nam a2200349 4500 | ||
|---|---|---|---|
| 001 | DLU110123552 | ||
| 005 | ##20110805 | ||
| 040 | # | # | |a DLU |b vie |
| 041 | # | # | |a vie |
| 044 | # | # | |a vn |
| 082 | # | # | |a 530.076 |b Bai |
| 245 | # | # | |a Bài tập vật lý sơ cấp : |b Dùng cho học sinh cấp III phổ thông và bổ túc văn hóa, các lớp dự bị đại học chuẩn bị thi vào đại học, và cho cá trường trung học chuyên nghiệp. |n t.I / |c Nguyễn Xuân Chi,...[ và những người khác]. |
| 260 | # | # | |a H. : |b Đại học và trung học chuyên nghiệp, |c 1977. |
| 300 | # | # | |a 515 tr. ; |c 19 cm. |
| 700 | # | # | |a Bùi Ngọc Quỳnh. |
| 700 | # | # | |a Lê Văn Nghĩa. |
| 700 | # | # | |a Nguyễn Hữu Hồ. |
| 700 | # | # | |a Nguyễn Xuân Chi. |
| 700 | # | # | |a Phan Trấn Đồng. |
| 990 | # | # | |a t.I |
| 991 | # | # | |a SH |
| 992 | # | # | |a 1.9 |
| 994 | # | # | |a DLU |
| 900 | # | # | |a True |
| 911 | # | # | |a Nguyễn Huyền Anh |
| 925 | # | # | |a G |
| 926 | # | # | |a A |
| 927 | # | # | |a SH |
| 980 | # | # | |a Thư viện Trường Đại học Đà Lạt |